Normal view MARC view

Entry Personal Name

Number of records used in: 1

001 - CONTROL NUMBER

  • control field: 44321

003 - CONTROL NUMBER IDENTIFIER

  • control field: OSt

005 - DATE AND TIME OF LATEST TRANSACTION

  • control field: 20240401112719.0

008 - FIXED-LENGTH DATA ELEMENTS

  • fixed length control field: 240401|| aca||aabn | a|a d

040 ## - CATALOGING SOURCE

  • Original cataloging agency: OSt
  • Transcribing agency: OSt

100 ## - HEADING--PERSONAL NAME

  • Personal name: Blok, S. Buuren, M.W.V. and Fenger, H.J.M.

670 ## - SOURCE DATA FOUND

  • Source citation: Work cat.: (OSt): Blok, S. Buuren, M.W.V. and Fenger, H.J.M. , The public value of citizens’ initiatives: Evidence from a Dutch municipality

Powered by Koha